Bài tập cơ học kỹ thuật. Tập 1, Tĩnh học và động học T.1

Na minha lista:
Detalhes bibliográficos
Autor principal: Đỗ, Sanh
Formato: Livro
Idioma:Vietnamese
Publicado em: Giáo dục 2008
Tags: Adicionar Tag
Sem tags, seja o primeiro a adicionar uma tag!
Thư viện lưu trữ: Mạng thư viện Đại học Đà Nẵng
LEADER 00690nam a2200253 4500
001 000022841
003 19290
005 20150515130543.0
008 150515s2008 viesd
020 |c 42500 
041 0 |a vie 
082 1 4 |a 531,1  |b ĐÔ-S 
100 1 |a Đỗ, Sanh 
245 1 0 |a Bài tập cơ học kỹ thuật. Tập 1, Tĩnh học và động học  |b T.1  |c Đỗ Sanh (chủ biên), Nguyễn Nhật Lệ 
260 |b Giáo dục  |c 2008 
300 |a tr.  |c cm. 
OWN |a LSP 
999 |a From the UDN01 
TYP |a Monograph 
TYP |a Printed language 
980 |a Mạng thư viện Đại học Đà Nẵng